[Event "II Open A"]
[Site "San Marino SMR"]
[Date "2006.06.09"]
[Round "7"]
[White "Vijayalakshmi, Subbaraman"]
[Black "Areshchenko, Alexander"]
[Result "1/2-1/2"]
[WhiteElo "2472"]
[BlackElo "2660"]
[PlyCount "155"]
[EventDate "2006.06.05"]

1. Nf3 Nf6 2. g3 g6 3. Bg2 Bg7 4. O-O d5 5. d4 O-O 6. Be3 Re8 7. Qc1 Nbd7 8. c4
dxc4 9. Na3 Nb6 10. Bh6 Be6 11. Bxg7 Kxg7 12. Ng5 Qxd4 13. Nxe6+ fxe6 14. Bxb7
Rab8 15. Bf3 e5 16. Rd1 Qc5 17. Qc2 Rf8 18. Rf1 Ne8 19. Nb1 Nd6 20. Nd2 Nf5 21.
Rac1 Rbd8 22. Rfd1 Nd4 23. Qe4 Rf6 24. Kg2 Rdf8 25. Rc3 Qb5 26. b3 Qa5 27. Re3
Nf5 28. bxc4 Nxe3+ 29. Qxe3 Qxa2 30. Ne4 Qxc4 31. Rc1 Qb4 32. Nxf6 exf6 33.
Rxc7+ Rf7 34. Rc1 Re7 35. Be4 Nc4 36. Qd3 Nd6 37. Bd5 e4 38. Qe3 Nf5 39. Qc5
Qd2 40. Rc2 Qe1 41. Qc3 Qxc3 42. Rxc3 Nd4 43. Rc4 Nb5 44. Rc8 f5 45. g4 fxg4
46. Kg3 Re5 47. Bc4 a5 48. Kxg4 a4 49. Ra8 h5+ 50. Kf4 Rf5+ 51. Ke3 Nc3 52. Kd2
Nb1+ 53. Ke3 Nc3 54. Kd2 Rxf2 55. Kxc3 Rxh2 56. Kd4 h4 57. Kxe4 Rf2 58. Ke3 Rf1
59. Be6 Ra1 60. Kf4 Kf6 61. Bh3 g5+ 62. Ke4 a3 63. Ra6+ Kg7 64. Kf3 Rg1 65. Kf2
Rg3 66. Bf5 Rc3 67. Bd3 Kf7 68. Kf3 h3 69. Kg3 g4 70. Ra4 Rc1 71. Kh2 Kf6 72.
Rxa3 Rf1 73. Ra5 Rf2+ 74. Kg1 g3 75. Rh5 h2+ 76. Kh1 Rf1+ 77. Kg2 Rg1+ 78. Kf3
1/2-1/2

[Event "II Open A"]
[Site "San Marino SMR"]
[Date "2006.06.10"]
[Round "8"]
[White "Abergel, Thal"]
[Black "Lanzani, Mario"]
[Result "1-0"]
[WhiteElo "2457"]
[BlackElo "2347"]
[PlyCount "59"]
[EventDate "2006.06.05"]

1. d4 Nf6 2. Nf3 g6 3. Nc3 d5 4. Bf4 Bg7 5. e3 O-O 6. Be2 c5 7. Ne5 Nc6 8. O-O
cxd4 9. exd4 Qb6 10. Nxc6 bxc6 11. Na4 Qa5 12. c3 Ba6 13. Nc5 Bxe2 14. Qxe2 Nh5
15. Be5 f6 16. b4 Qb5 17. Qxb5 cxb5 18. Bc7 Rac8 19. Ne6 Kf7 20. Rfe1 Bh6 21.
Nxf8 Kxf8 22. Bg3 Nxg3 23. hxg3 Bd2 24. Re6 Bxc3 25. Rc1 Rc4 26. Ra6 Bxd4 27.
Rxc4 dxc4 28. Kf1 Bb6 29. a4 Kf7 30. Rxb6 1-0

[Event "II Open A"]
[Site "San Marino SMR"]
[Date "2006.06.10"]
[Round "8"]
[White "Borgo, Giulio"]
[Black "Efimenko, Zahar"]
[Result "0-1"]
[WhiteElo "2414"]
[BlackElo "2648"]
[PlyCount "42"]
[EventDate "2006.06.05"]

1. e4 g6 2. d4 d6 3. Nc3 Nf6 4. Be2 Bg7 5. g4 h6 6. Be3 c6 7. h3 Qa5 8. Qd2 b5
9. Bd3 Nbd7 10. Nge2 b4 11. Nd1 c5 12. c3 bxc3 13. bxc3 d5 14. f3 e5 15. Rb1
Ba6 16. Bxa6 Qxa6 17. dxc5 dxe4 18. fxe4 Qc6 19. Nf2 Nxc5 20. Qb2 Nfxe4 21.
Nxe4 Nd3+ 0-1

[Event "II Open A"]
[Site "San Marino SMR"]
[Date "2006.06.10"]
[Round "8"]
[White "Brancaleoni, Maurizio"]
[Black "Diotallevi, Maurizio"]
[Result "1-0"]
[WhiteElo "2286"]
[BlackElo "2153"]
[PlyCount "83"]
[EventDate "2006.06.05"]

1. Nf3 d5 2. d4 Nf6 3. c4 e6 4. Nc3 Be7 5. Qc2 c6 6. e4 dxe4 7. Nxe4 Nbd7 8.
Be2 Nxe4 9. Qxe4 Nf6 10. Qc2 Bb4+ 11. Bd2 Qa5 12. a3 Bxd2+ 13. Qxd2 Qxd2+ 14.
Kxd2 Ke7 15. Rhc1 Rd8 16. Ke3 Ng4+ 17. Kf4 Nh6 18. Rd1 f6 19. Bd3 g5+ 20. Ke3
Rh8 21. b4 Nf7 22. c5 Bd7 23. Re1 Kf8 24. Rab1 a6 25. Nd2 e5 26. Nc4 exd4+ 27.
Kxd4 Rd8 28. Kc3 Bc8 29. Rbd1 Re8 30. a4 Be6 31. Na5 Bc8 32. Nc4 Be6 33. Nd6
Nxd6 34. cxd6 Bd7 35. Kd4 c5+ 36. bxc5 Bxa4 37. Rb1 Rxe1 38. Rxe1 Rg8 39. Re7
Bc6 40. Be4 g4 41. Bxc6 bxc6 42. Rc7 1-0

[Event "II Open A"]
[Site "San Marino SMR"]
[Date "2006.06.10"]
[Round "8"]
[White "Bruno, Fabio"]
[Black "Nevednichy, Vladislav"]
[Result "0-1"]
[WhiteElo "2394"]
[BlackElo "2582"]
[PlyCount "116"]
[EventDate "2006.06.05"]

1. c4 g6 2. Nc3 Bg7 3. g3 e5 4. Bg2 d6 5. e3 Nf6 6. Nge2 O-O 7. O-O c6 8. d4
Qe7 9. Qc2 Re8 10. dxe5 dxe5 11. e4 Na6 12. Rd1 Be6 13. b3 Nb4 14. Qb1 Red8 15.
a3 Na6 16. Rxd8+ Rxd8 17. h3 Qd7 18. Kh2 Bf8 19. Bg5 Be7 20. Qc2 Ng4+ 21. hxg4
Bxg5 22. f4 exf4 23. gxf4 Qc7 24. e5 Be7 25. g5 Qb6 26. b4 Bxc4 27. Na4 Bd3 28.
Qxd3 Rxd3 29. Nxb6 axb6 30. Kg1 Nc7 31. Kf2 Ne6 32. Be4 Rb3 33. Nc1 Rb2+ 34.
Ke3 b5 35. Ra2 Rxa2 36. Nxa2 Bd8 37. Bc2 Bb6+ 38. Ke4 Bd4 39. a4 bxa4 40. Bxa4
Bb2 41. Bb3 Nc7 42. Kd3 Kf8 43. Kc2 Ba1 44. Nc1 Ke7 45. Bc4 b5 46. Ba2 Bd4 47.
Kd3 Bb2 48. Ne2 Na6 49. Kc2 Bxe5 50. fxe5 Nxb4+ 51. Kb3 Nxa2 52. Nd4 Nc1+ 53.
Kc2 c5 54. Nxb5 Ne2 55. Kd3 Nf4+ 56. Ke4 Ne6 57. Kd5 Nxg5 58. Kxc5 Ke6 0-1

[Event "II Open A"]
[Site "San Marino SMR"]
[Date "2006.06.10"]
[Round "8"]
[White "Ehlvest, Jaan"]
[Black "Kuzubov, Yuriy"]
[Result "1-0"]
[WhiteElo "2607"]
[BlackElo "2554"]
[PlyCount "95"]
[EventDate "2006.06.05"]

1. d4 d5 2. c4 c6 3. Nf3 Nf6 4. Nc3 dxc4 5. a4 e6 6. e3 c5 7. Bxc4 Nc6 8. O-O
cxd4 9. exd4 Be7 10. Re1 O-O 11. Bf4 Nb4 12. Ne5 Bd7 13. Qb3 Bc6 14. Nxf7 Rxf7
15. Bxe6 Nfd5 16. Bd2 Bf6 17. a5 Kf8 18. Ne4 Na6 19. Qa3+ Re7 20. Ng5 Nac7 21.
Nxh7+ Ke8 22. Bf5 Kf7 23. Qh3 Qd6 24. Qh5+ Kg8 25. Ng5 Bxg5 26. Bxg5 Nf6 27.
Bxf6 Qxf6 28. Bg6 Bd5 29. Re3 Re6 30. Bf5 Rxe3 31. fxe3 Qh6 32. Qxh6 gxh6 33.
Rc1 Ne8 34. Bd3 Rd8 35. e4 Bf7 36. d5 Kg7 37. Rf1 Bg6 38. Kf2 Nf6 39. Ke3 Re8
40. Kd4 Nxe4 41. Rc1 Ng5 42. Rc7+ Kf6 43. Bxg6 Kxg6 44. Rxb7 Re2 45. b4 Rxg2
46. Rxa7 Rxh2 47. a6 Rd2+ 48. Kc4 1-0

[Event "II Open A"]
[Site "San Marino SMR"]
[Date "2006.06.10"]
[Round "8"]
[White "Guliyev, Namig"]
[Black "Laylo, Darwin"]
[Result "1-0"]
[WhiteElo "2580"]
[BlackElo "2406"]
[PlyCount "95"]
[EventDate "2006.06.05"]

1. e4 d5 2. exd5 Nf6 3. d4 Bg4 4. f3 Bf5 5. Bb5+ Nbd7 6. c4 a6 7. Ba4 e6 8.
dxe6 Bxe6 9. d5 Bf5 10. Nc3 Bc5 11. Qe2+ Kf8 12. Be3 Qe7 13. Bxd7 Nxd7 14. Bxc5
Qxc5 15. Ne4 Qb6 16. O-O-O Re8 17. g4 Bxe4 18. fxe4 Qh6+ 19. Rd2 Nc5 20. g5 Qd6
21. Nf3 Rxe4 22. Qd1 Rxc4+ 23. Kb1 h6 24. g6 Qxg6+ 25. Ka1 Qf6 26. d6 cxd6 27.
Rxd6 Ne6 28. Re1 Kg8 29. Ne5 Rb4 30. Rd7 Ng5 31. Qd3 g6 32. h4 Rxh4 33. Nxg6
Rb4 34. Qc3 Re4 35. Rxe4 Nxe4 36. Qxf6 Nxf6 37. Rd8+ Kg7 38. Nxh8 h5 39. Kb1
Ng4 40. Kc1 h4 41. Nxf7 h3 42. Rd4 Nf2 43. Nd6 h2 44. Nf5+ Kf6 45. Ng3 Kg5 46.
Kd2 Nh3 47. Ke3 b5 48. Kf3 1-0

[Event "II Open A"]
[Site "San Marino SMR"]
[Date "2006.06.10"]
[Round "8"]
[White "Heberla, Bartlomiej"]
[Black "Dworakowska, Joanna"]
[Result "1-0"]
[WhiteElo "2497"]
[BlackElo "2364"]
[PlyCount "71"]
[EventDate "2006.06.05"]

1. e4 c5 2. Nf3 d6 3. Bc4 Nc6 4. c3 Nf6 5. Qe2 Bg4 6. h3 Bh5 7. d3 e6 8. Bb3
Be7 9. Nbd2 Nd7 10. Nf1 b5 11. Ng3 Bxf3 12. Qxf3 Bg5 13. Nh5 Nde5 14. Qe2 Bxc1
15. Rxc1 O-O 16. Rd1 Ng6 17. O-O Qb6 18. Kh1 Na5 19. f4 Nxb3 20. axb3 Rae8 21.
Qf3 f5 22. Rde1 fxe4 23. Qxe4 d5 24. Qe2 Qc6 25. d4 c4 26. b4 Re7 27. Qg4 Qe8
28. Ng3 Qf7 29. Re3 Qf6 30. f5 exf5 31. Nxf5 Rxe3 32. Nxe3 Qc6 33. Rxf8+ Nxf8
34. Qf5 Qe8 35. Qxd5+ Kh8 36. Ng4 1-0

[Event "II Open A"]
[Site "San Marino SMR"]
[Date "2006.06.10"]
[Round "8"]
[White "Ivanisevic, Ivan"]
[Black "Naumkin, Igor"]
[Result "1-0"]
[WhiteElo "2598"]
[BlackElo "2415"]
[PlyCount "125"]
[EventDate "2006.06.05"]

1. d4 Nf6 2. c4 e6 3. Nc3 Bb4 4. Qc2 O-O 5. a3 Bxc3+ 6. Qxc3 b6 7. Bg5 Ba6 8.
Qf3 Nc6 9. e3 Na5 10. Rc1 Bb7 11. Qd1 h6 12. Bh4 c5 13. Ne2 Rc8 14. dxc5 bxc5
15. Nc3 d5 16. cxd5 exd5 17. b4 cxb4 18. axb4 g5 19. Bg3 d4 20. Nb5 dxe3 21.
Rxc8 exf2+ 22. Bxf2 Qxc8 23. bxa5 Re8+ 24. Be2 Bxg2 25. Rg1 Bf3 26. Nd4 Bxe2
27. Nxe2 Qf5 28. Bd4 Nd5 29. Rf1 Nf4 30. Rxf4 Qxf4 31. Qa4 Qe4 32. Qc4 Qh4+ 33.
Kd2 Rd8 34. Qc5 Qxh2 35. Qxa7 Re8 36. Qa6 Qg2 37. Qb5 Qe4 38. a6 Rc8 39. Qd3
Qd5 40. Nc3 Qg2+ 41. Qe2 Qc6 42. Qe5 Kf8 43. a7 Qg2+ 44. Ne2 Qc6 45. Nc3 Qg2+
46. Qe2 Qb7 47. Qb5 Qg2+ 48. Ne2 Qe4 49. Qa4 Qd5 50. Qb4+ Ke8 51. Nc3 Qg2+ 52.
Kc1 Kd7 53. Qb3 Qf3 54. Kb2 g4 55. Qd5+ Qxd5 56. Nxd5 Ke6 57. Nb6 Rd8 58. Bf2
Kd6 59. Bg3+ Kc6 60. Bb8 Rd2+ 61. Kb3 Rd3+ 62. Ka4 Rd1 63. Ka5 1-0

[Event "II Open A"]
[Site "San Marino SMR"]
[Date "2006.06.10"]
[Round "8"]
[White "Malakhatko, Vadim"]
[Black "Sulava, Nenad"]
[Result "0-1"]
[WhiteElo "2559"]
[BlackElo "2493"]
[PlyCount "94"]
[EventDate "2006.06.05"]

1. d4 d5 2. Nf3 c5 3. c4 dxc4 4. d5 Nf6 5. Nc3 e6 6. e4 exd5 7. e5 Ne4 8. Nxd5
b5 9. b3 Be6 10. bxc4 Nc6 11. Bd3 Qa5+ 12. Nd2 Nc3 13. Nb3 Nxd1+ 14. Nxa5 Nxe5
15. Nc7+ Kd7 16. Be4 Kxc7 17. Bxa8 Nc3 18. Bd2 Bd6 19. Bxc3 Rxa8 20. cxb5 Nd3+
21. Ke2 Nf4+ 22. Kf1 Bf5 23. Rd1 Bc2 24. Rd2 Ba4 25. Rb2 Nd3 26. Rb1 Bc2 27.
Ke2 Re8+ 28. Kf3 Bxb1 29. Rxb1 Be5 30. Bd2 Bd4 31. Nc4 Re6 32. Be3 Bxe3 33.
fxe3 Ne5+ 34. Nxe5 Rxe5 35. a4 Kb6 36. Rd1 Re7 37. Rd6+ Ka5 38. Ra6+ Kb4 39.
Ke2 Rd7 40. b6 axb6 41. Rxb6+ Kxa4 42. g4 c4 43. e4 c3 44. h4 Rd4 45. Rb7 c2
46. Rc7 Kb3 47. Rb7+ Kc3 0-1

[Event "II Open A"]
[Site "San Marino SMR"]
[Date "2006.06.10"]
[Round "8"]
[White "Mullon, Jean-Baptiste"]
[Black "Del Rio Angelis, Salvador Gabriel"]
[Result "0-1"]
[WhiteElo "2344"]
[BlackElo "2516"]
[PlyCount "142"]
[EventDate "2006.06.05"]

1. e4 e6 2. d4 d5 3. e5 c5 4. c3 Nc6 5. Nf3 Nge7 6. a3 cxd4 7. cxd4 Nf5 8. b4
Bd7 9. Be2 Qb6 10. Bb2 Rc8 11. O-O Be7 12. Qd2 h5 13. Bc3 a6 14. Rd1 g5 15. Qb2
g4 16. Ne1 f6 17. Bd3 fxe5 18. Bxf5 exf5 19. dxe5 d4 20. Bxd4 Nxd4 21. Rxd4 Be6
22. Nd3 Kf7 23. Nd2 Rc2 24. Qxc2 Qxd4 25. Rd1 Rd8 26. Nf1 Qc4 27. Qe2 Qe4 28.
Qxe4 fxe4 29. Nb2 Rc8 30. Re1 Rc3 31. Ra1 h4 32. Ne3 b5 33. Kf1 Rb3 34. Nbd1
Bd8 35. Ke2 Bc7 36. Rc1 Bxe5 37. Rc5 Bxh2 38. Nc3 Bf4 39. Nxe4 Rxa3 40. Rh5 h3
41. gxh3 gxh3 42. Nc5 Bxe3 43. Nxe6 Bxf2 44. Nf4 Ra2+ 45. Kf3 Be1 46. Nd3 Bc3
47. Rxh3 Bxb4 48. Ke4 Be7 49. Kd5 Rd2 50. Kc6 b4 51. Kb6 b3 52. Ne5+ Ke6 53.
Rxb3 Kxe5 54. Kxa6 Rd5 55. Kb7 Kd6 56. Rb6+ Kd7 57. Rc6 Bd8 58. Rg6 Rb5+ 59.
Ka6 Rb1 60. Rg7+ Kc6 61. Rg6+ Kc5 62. Rh6 Bc7 63. Rg6 Bd6 64. Rg4 Kc6 65. Ka5
Ra1+ 66. Ra4 Rh1 67. Rg4 Rh3 68. Re4 Kc5 69. Ka6 Rh7 70. Rg4 Kc6 71. Re4 Rh8
0-1

[Event "II Open A"]
[Site "San Marino SMR"]
[Date "2006.06.10"]
[Round "8"]
[White "Nohr, Finn"]
[Black "Bottino, Alexiei"]
[Result "0-1"]
[WhiteElo "2115"]
[BlackElo "2048"]
[PlyCount "44"]
[EventDate "2006.06.05"]

1. e4 c5 2. Nf3 Nc6 3. c3 Nf6 4. e5 Nd5 5. Bc4 Nb6 6. Bb3 g6 7. O-O Bg7 8. d4
cxd4 9. cxd4 d6 10. Ng5 e6 11. f4 O-O 12. Be3 a6 13. Kh1 Na5 14. Nc3 Nbc4 15.
Qf3 f6 16. Nge4 fxe5 17. dxe5 d5 18. Nf2 Nxe3 19. Qxe3 d4 20. Qh3 Nxb3 21. Nce4
Nxa1 22. Nd6 Rxf4 0-1

[Event "II Open A"]
[Site "San Marino SMR"]
[Date "2006.06.10"]
[Round "8"]
[White "Psakhis, Lev B."]
[Black "Brandenburg, Daan"]
[Result "1-0"]
[WhiteElo "2551"]
[BlackElo "2376"]
[PlyCount "57"]
[EventDate "2006.06.05"]

1. d4 Nf6 2. c4 g6 3. Nc3 Bg7 4. e4 d6 5. f3 O-O 6. Be3 Nbd7 7. Nh3 a6 8. Nf2
c6 9. c5 a5 10. Be2 b6 11. cxd6 exd6 12. O-O Bb7 13. a4 h6 14. Qd2 Kh7 15. f4
Ne8 16. Bd3 d5 17. f5 c5 18. Nxd5 cxd4 19. Bf4 Nc5 20. Ng4 Bxd5 21. exd5 Nxd3
22. Qxd3 Qxd5 23. Bxh6 Rh8 24. Bxg7 Kxg7 25. Rae1 Qd6 26. fxg6 fxg6 27. Re4 Rd8
28. Rfe1 Rf8 29. Re6 1-0

[Event "II Open A"]
[Site "San Marino SMR"]
[Date "2006.06.10"]
[Round "8"]
[White "Rodshtein, Maxim"]
[Black "Goloshchapov, Alexander"]
[Result "1/2-1/2"]
[WhiteElo "2483"]
[BlackElo "2556"]
[PlyCount "92"]
[EventDate "2006.06.05"]

1. d4 Nf6 2. c4 e6 3. Nf3 b6 4. g3 Ba6 5. b3 Bb4+ 6. Bd2 Be7 7. Bg2 c6 8. O-O
d5 9. Qc2 Nbd7 10. Rd1 O-O 11. Bf4 Nh5 12. Bc1 Rc8 13. e4 dxe4 14. Qxe4 b5 15.
Qe2 Nhf6 16. c5 Nd5 17. Bb2 Bf6 18. a3 Qc7 19. b4 Bb7 20. Ne5 a5 21. Nd3 Ra8
22. Nc3 Ra7 23. Nxd5 exd5 24. Bc3 axb4 25. axb4 Rfa8 26. Rxa7 Rxa7 27. Nf4 g6
28. h4 Nf8 29. Re1 Bc8 30. Qe8 Bd7 31. Qe3 Ne6 32. Nd3 Ra3 33. Qc1 Qa7 34. Ne5
Bxe5 35. dxe5 Qa4 36. Bh3 Qb3 37. Bxe6 Bxe6 38. Qg5 h6 39. Qd8+ Kh7 40. Bd2 Ra2
41. Be3 Qxb4 42. Rf1 Qe4 43. Qf8 g5 44. hxg5 d4 45. gxh6 Qg6 46. Bxd4 Qxh6
1/2-1/2

[Event "II Open A"]
[Site "San Marino SMR"]
[Date "2006.06.10"]
[Round "8"]
[White "Sulskis, Sarunas"]
[Black "Borbjerggaard, Lars"]
[Result "1/2-1/2"]
[WhiteElo "2497"]
[BlackElo "2375"]
[PlyCount "109"]
[EventDate "2006.06.05"]

1. e4 d5 2. exd5 Nf6 3. Bb5+ Bd7 4. Bc4 Bg4 5. f3 Bc8 6. Nc3 Nbd7 7. b3 Nb6 8.
Bb2 Nfxd5 9. Nxd5 Nxd5 10. Qe2 Bf5 11. O-O-O e6 12. g4 Bg6 13. h4 h5 14. g5 c6
15. Nh3 Qa5 16. a4 Bf5 17. Nf2 O-O-O 18. Ne4 a6 19. Rhe1 b5 20. Bxd5 cxd5 21.
Ng3 Bg6 22. axb5 Qa2 23. d4 Bd6 24. Nf1 Rd7 25. b6 Kb7 26. Rd3 Rc8 27. Red1 Ba3
28. Bxa3 Qxa3+ 29. Kb1 Bxd3 30. Rxd3 Rd6 31. Qe5 Rxb6 32. Qf4 Rb5 33. Qc1 Qb4
34. Qd2 Qa3 35. Qc1 Qa5 36. Ne3 Rc3 37. Qd2 Rxd3 38. Qxd3 Qe1+ 39. Nd1 Qxh4 40.
g6 fxg6 41. Nc3 Ra5 42. Kb2 Qe1 43. Na2 Qf2 44. Nc3 Qe1 45. Na2 Qg1 46. Qc3
Rxa2+ 47. Kxa2 Qf2 48. Kb1 h4 49. Qc5 h3 50. Qe7+ Kb8 51. Qf8+ Kb7 52. Qf7+ Ka8
53. Qf8+ Kb7 54. Qf7+ Kb8 55. Qe8+ 1/2-1/2

[Event "II Open A"]
[Site "San Marino SMR"]
[Date "2006.06.10"]
[Round "8"]
[White "Szymanski, Marcin"]
[Black "Delchev, Aleksander"]
[Result "0-1"]
[WhiteElo "2412"]
[BlackElo "2640"]
[PlyCount "62"]
[EventDate "2006.06.05"]

1. Nc3 c5 2. e4 Nc6 3. f4 g6 4. Nf3 Bg7 5. Bb5 Nd4 6. Bd3 d6 7. Nxd4 cxd4 8.
Ne2 Nf6 9. O-O O-O 10. Qe1 Bd7 11. Kh1 e5 12. fxe5 dxe5 13. b3 Bc6 14. Ng1 b5
15. a4 a6 16. Nh3 Re8 17. a5 Qc7 18. Qe2 Qb7 19. Nf2 Nh5 20. Ba3 Nf4 21. Qf3 b4
22. Bb2 Nxd3 23. cxd3 Rac8 24. Rfc1 Bd7 25. Rc4 Be6 26. Ra4 Bxc4 27. dxc4 f5
28. d3 Rf8 29. Ra1 Bh6 30. exf5 Qxf3 31. gxf3 gxf5 0-1

[Event "II Open A"]
[Site "San Marino SMR"]
[Date "2006.06.10"]
[Round "8"]
[White "Torre, Eugenio"]
[Black "Svetushkin, Dmitry"]
[Result "1-0"]
[WhiteElo "2543"]
[BlackElo "2552"]
[PlyCount "51"]
[EventDate "2006.06.05"]

1. d4 d5 2. Bg5 h6 3. Bh4 c6 4. e3 Qb6 5. Qc1 e5 6. c3 Nd7 7. Bg3 Ngf6 8. dxe5
Ne4 9. Nf3 Be7 10. Nbd2 Nxg3 11. hxg3 Qc7 12. c4 dxc4 13. e6 fxe6 14. Bxc4 Nf8
15. Ne4 Qa5+ 16. Ke2 Bd7 17. b4 Qf5 18. Bd3 Qg4 19. Nd6+ Bxd6 20. Rh4 Qxh4 21.
gxh4 e5 22. Qb2 Bg4 23. Qc2 Nd7 24. Bf5 Bxf5 25. Qxf5 O-O-O 26. Rd1 1-0

[Event "II Open A"]
[Site "San Marino SMR"]
[Date "2006.06.10"]
[Round "8"]
[White "Vazquez Igarza, Renier"]
[Black "Nguyen, Chi-Minh"]
[Result "1-0"]
[WhiteElo "2517"]
[BlackElo "2356"]
[PlyCount "57"]
[EventDate "2006.06.05"]

1. e4 e6 2. d4 d5 3. Nc3 Bb4 4. e5 c5 5. Bd2 Ne7 6. Nb5 Bxd2+ 7. Qxd2 O-O 8. c3
a6 9. Nd6 Nbc6 10. g3 cxd4 11. cxd4 f6 12. f4 Qb6 13. Rd1 Bd7 14. Bh3 fxe5 15.
dxe5 Nc8 16. Nc4 Qc5 17. Ne3 Nb4 18. a3 Qxe3+ 19. Qxe3 Nc2+ 20. Kd2 Nxe3 21.
Kxe3 Nb6 22. b3 a5 23. a4 Rac8 24. Ne2 g5 25. fxg5 Kg7 26. Rhf1 Kg6 27. Rxf8
Rxf8 28. Nf4+ Kxg5 29. Rc1 1-0

[Event "II Open A"]
[Site "San Marino SMR"]
[Date "2006.06.10"]
[Round "8"]
[White "Zapata, Alonso"]
[Black "Kadziolka, Beata"]
[Result "1-0"]
[WhiteElo "2470"]
[BlackElo "2359"]
[PlyCount "75"]
[EventDate "2006.06.05"]

1. e4 c5 2. Nf3 d6 3. d4 cxd4 4. Nxd4 Nf6 5. Nc3 a6 6. Bc4 e6 7. O-O b5 8. Bb3
Be7 9. Qf3 Qc7 10. Qg3 O-O 11. Bh6 Ne8 12. Rad1 Bd7 13. Rfe1 Nc6 14. Nxc6 Bxc6
15. a3 a5 16. Bg5 Bxg5 17. Qxg5 b4 18. Nb5 Qb7 19. Nxd6 Nxd6 20. Rxd6 bxa3 21.
bxa3 a4 22. Ba2 Bxe4 23. c4 Rfc8 24. c5 Qb2 25. Bc4 Bf5 26. Qe3 h6 27. h3 Qc2
28. Qd4 Rab8 29. c6 Rb1 30. Rxb1 Qxb1+ 31. Kh2 Qb8 32. f4 Kh7 33. Ba6 Rc7 34.
Bb7 Rxb7 35. cxb7 Qxb7 36. Qxa4 Qb2 37. Qb4 Qe2 38. Qd2 1-0

[Event "II Open A"]
[Site "San Marino SMR"]
[Date "2006.06.11"]
[Round "9"]
[White "Barlocco, Carlo"]
[Black "Canova, Luca"]
[Result "1-0"]
[WhiteElo "2188"]
[BlackElo "2106"]
[PlyCount "93"]
[EventDate "2006.06.05"]

1. d4 d5 2. Nc3 Nf6 3. Bg5 Nbd7 4. e3 e6 5. Bd3 Be7 6. f4 c5 7. Nf3 a6 8. O-O
b5 9. Ne5 Bb7 10. f5 c4 11. fxe6 fxe6 12. Bxf6 Nxf6 13. Rxf6 Bxf6 14. Qh5+ g6
15. Bxg6+ hxg6 16. Qxg6+ Ke7 17. Qf7+ Kd6 18. Qxb7 Bxe5 19. dxe5+ Kxe5 20. Ne2
Qb8 21. Qg7+ Kd6 22. Nd4 Rg8 23. Qh6 Qe8 24. Qf4+ Kd7 25. Nf3 Qh5 26. Ne5+ Ke7
27. Nc6+ Kd7 28. Ne5+ Ke7 29. Nf3 Rac8 30. Rf1 Rg4 31. Qe5 Qxe5 32. Nxe5 Re4
33. Ng6+ Kd6 34. Rf3 Kc5 35. Kf2 c3 36. b3 Kb4 37. h4 Ka3 38. h5 Rc7 39. Ke2 d4
40. Kd3 Rxe3+ 41. Rxe3 dxe3 42. Kxe3 Kb2 43. g4 Kxc2 44. h6 Kd1 45. Nf4 c2 46.
Ne2 Rc3+ 47. Nxc3+ 1-0

[Event "II Open A"]
[Site "San Marino SMR"]
[Date "2006.06.11"]
[Round "9"]
[White "Bottino, Alexiei"]
[Black "De Santis, Alessio"]
[Result "0-1"]
[WhiteElo "2048"]
[BlackElo "2337"]
[PlyCount "68"]
[EventDate "2006.06.05"]

1. d4 d6 2. c4 g6 3. e4 Bg7 4. Nc3 e6 5. Nf3 Ne7 6. Be2 Nd7 7. Bg5 h6 8. Bh4 a6
9. Rb1 g5 10. Bg3 f5 11. h4 g4 12. Nh2 O-O 13. f4 Nf6 14. Bf2 h5 15. e5 Ne4 16.
Nxe4 fxe4 17. g3 Nf5 18. Nf1 c5 19. dxc5 dxe5 20. Qxd8 Rxd8 21. Ne3 Nd4 22. Bd1
exf4 23. gxf4 Bd7 24. O-O Bc6 25. b4 Nf3+ 26. Bxf3 exf3 27. Rbd1 Rxd1 28. Rxd1
Rf8 29. Bg3 Bh6 30. Rd4 e5 31. Rd6 exf4 32. Rxh6 fxe3 33. Be5 f2+ 34. Kf1 e2+
0-1

[Event "II Open A"]
[Site "San Marino SMR"]
[Date "2006.06.11"]
[Round "9"]
[White "Chierici, Marianna"]
[Black "Bentivegna, Francesco"]
[Result "0-1"]
[WhiteElo "1922"]
[BlackElo "2287"]
[PlyCount "46"]
[EventDate "2006.06.05"]

1. e4 e5 2. Nf3 Nc6 3. Bc4 Nf6 4. Ng5 d5 5. exd5 Nd4 6. c3 b5 7. cxd4 bxc4 8.
dxe5 Nxd5 9. Qa4+ Qd7 10. Qxc4 Nb4 11. O-O h6 12. Qe4 hxg5 13. Qxa8 Nc2 14. Qe4
Nxa1 15. Nc3 Rh4 16. Qb1 Bb7 17. Ne2 Bxg2 18. e6 Qxe6 19. Re1 Bd6 20. f4 Be4
21. d3 Bc5+ 22. Nd4 Bxd4+ 23. Be3 Qg4+ 0-1

[Event "II Open A"]
[Site "San Marino SMR"]
[Date "2006.06.11"]
[Round "9"]
[White "Coimbra, Margarida"]
[Black "Zoldan, Matteo"]
[Result "1/2-1/2"]
[WhiteElo "2070"]
[BlackElo "2127"]
[PlyCount "38"]
[EventDate "2006.06.05"]

1. e4 c5 2. Nc3 Nc6 3. g3 g6 4. Bg2 Bg7 5. d3 d6 6. Be3 e5 7. Qd2 Nge7 8. Bh6
O-O 9. h4 Bxh6 10. Qxh6 f6 11. Qd2 Nd4 12. f4 Bg4 13. Nce2 Nec6 14. c3 Nxe2 15.
Nxe2 Qd7 16. O-O-O b5 17. Rdf1 Rac8 18. Bf3 b4 19. c4 a5 1/2-1/2

[Event "II Open A"]
[Site "San Marino SMR"]
[Date "2006.06.11"]
[Round "9"]
[White "Del Rio Angelis, Salvador Gabriel"]
[Black "Bhat, Vinay S."]
[Result "1/2-1/2"]
[WhiteElo "2516"]
[BlackElo "2409"]
[PlyCount "115"]
[EventDate "2006.06.05"]

1. e4 e6 2. d4 d5 3. Nc3 Bb4 4. e5 Ne7 5. a3 Bxc3+ 6. bxc3 c5 7. Nf3 Nbc6 8. a4
Qa5 9. Bd2 Bd7 10. Bb5 Qc7 11. O-O O-O 12. Re1 a6 13. Bd3 f6 14. exf6 Rxf6 15.
Bg5 Rf7 16. Bh4 h6 17. Bg3 Qa5 18. Rb1 c4 19. Bf1 Qxc3 20. Rxb7 Nf5 21. Qa1
Qxa1 22. Rxa1 Nfxd4 23. Nxd4 Nxd4 24. Ra2 Bc6 25. Rb6 Rb7 26. Rxb7 Bxb7 27. Rb2
Bc6 28. Be5 Nf5 29. a5 Bb5 30. g3 Ne7 31. Bh3 Kf7 32. c3 Nc6 33. Bc7 d4 34. Bb6
e5 35. Bg2 dxc3 36. Rc2 Rc8 37. Rxc3 Nb4 38. Be4 Ke6 39. Be3 Rd8 40. Bc5 Rd1+
41. Kg2 Na2 42. Rc2 Nc1 43. Bf3 Re1 44. Bf8 Kf6 45. Bd5 Nb3 46. Bxc4 Nd4 47.
Rc3 Bc6+ 48. Kh3 Rg1 49. Bxa6 Bd7+ 50. Kh4 Nf5+ 51. Kg4 Nd4+ 52. Kh4 Rh1 53. g4
g5+ 54. Kh3 Rg1 55. Rg3 Ra1 56. Ra3 Rg1 57. Rg3 Ra1 58. Ra3 1/2-1/2

[Event "II Open A"]
[Site "San Marino SMR"]
[Date "2006.06.11"]
[Round "9"]
[White "Delchev, Aleksander"]
[Black "Rodshtein, Maxim"]
[Result "1-0"]
[WhiteElo "2640"]
[BlackElo "2483"]
[PlyCount "178"]
[EventDate "2006.06.05"]

1. Nf3 Nf6 2. c4 e6 3. Nc3 Bb4 4. Qc2 O-O 5. a3 Bxc3 6. Qxc3 b6 7. e3 Bb7 8.
Be2 d6 9. O-O Nbd7 10. b4 Qe7 11. Bb2 e5 12. d4 Ne4 13. Qc2 Ng5 14. Qf5 Bxf3
15. gxf3 g6 16. Qd3 Qf6 17. Qd1 Rad8 18. Kh1 Nh3 19. Qe1 Rfe8 20. Rd1 Qh4 21.
dxe5 dxe5 22. Rd5 c6 23. Rd6 h5 24. Qd2 Nf8 25. Kg2 Rxd6 26. Qxd6 Re6 27. Qb8
f6 28. a4 Re7 29. Qc8 Rd7 30. Bc3 Ng5 31. Qxc6 Kg7 32. f4 Qh3+ 33. Kh1 Nf7 34.
fxe5 Nxe5 35. Bxe5 fxe5 36. c5 bxc5 37. bxc5 Rd2 38. Qf3 Qxf3+ 39. Bxf3 Rc2 40.
c6 Ne6 41. Be4 Rc3 42. Rb1 Kf6 43. Rb8 g5 44. Rh8 h4 45. Rh6+ Ke7 46. Kg2 Nc5
47. Bd5 Nxa4 48. Rh7+ Kd6 49. Rd7+ Kc5 50. Be4 Kb6 51. Rb7+ Ka6 52. Rb1 Rc5 53.
c7 Ka5 54. Rb7 Ka6 55. Rb3 Rxc7 56. Bd3+ Ka5 57. Rb5+ Ka6 58. Rb4+ Ka5 59. Rb5+
Ka6 60. Rxe5+ Kb6 61. Rb5+ Kc6 62. Rxg5 Nc5 63. Bc4 a5 64. Rg6+ Kb7 65. Bd5+
Ka7 66. Rg8 a4 67. Ra8+ Kb6 68. e4 Rg7+ 69. Kh3 Kb5 70. Kxh4 Nd3 71. Rb8+ Kc5
72. Rc8+ Kd6 73. Rc6+ Ke5 74. Re6+ Kd4 75. Ra6 Ke5 76. Rxa4 Nxf2 77. Ba8 Kf4
78. Ra5 Nxe4 79. Bxe4 Kxe4 80. Rg5 Rh7+ 81. Kg3 Ra7 82. h4 Ra1 83. Kg4 Rh1 84.
Ra5 Rg1+ 85. Kh5 Kf4 86. Kh6 Rb1 87. Ra6 Kf5 88. h5 Rb7 89. Rg6 Rb8 1-0

[Event "II Open A"]
[Site "San Marino SMR"]
[Date "2006.06.11"]
[Round "9"]
[White "Delorme, Axel"]
[Black "Bruno, Fabio"]
[Result "0-1"]
[WhiteElo "2252"]
[BlackElo "2394"]
[PlyCount "74"]
[EventDate "2006.06.05"]

1. e4 c5 2. Nf3 e6 3. d4 cxd4 4. Nxd4 Nf6 5. Nc3 d6 6. Be3 a6 7. f3 Qc7 8. Qd2
Nc6 9. g4 b5 10. Nxc6 Qxc6 11. Ne2 Bb7 12. Nd4 Qc7 13. O-O-O Be7 14. Kb1 O-O
15. g5 Nd7 16. h4 d5 17. g6 hxg6 18. h5 g5 19. h6 g6 20. Bh3 Rad8 21. Bxe6 Kh7
22. Bxf7 Rxf7 23. Ne6 Qe5 24. Nxd8 Bxd8 25. exd5 Bf6 26. c3 Qf5+ 27. Ka1 Ne5
28. Bc5 Rd7 29. d6 Nc4 30. Qe1 Qxc5 31. Qe6 Qf5 32. Qe8 Na3 33. Rh2 Bxf3 34.
Re1 Bh5 35. Rf2 Qxf2 36. Qxd7+ Kxh6 37. Qe8 Qxe1+ 0-1